00898nas a2200205Ia 4500001001600000003001000016005001700026008004100043040002500084041000700109100003100116245015600147250004000303260000900343300001400352500008600366650001300452654001200465700021500477A08/R095-45576 IT-MiCISF20250319103811.0161014c99999999xx |||||||||||| ||und|| aIT-MiCISFcIT-MiCISF ait aGrieco Gianfranco (et al.) 0aI nonni: la loro testimonianza e presenza nella famiglia. XVIII Assemblea plenaria del Pontificio Consiglio per la Famiglia, Vaticano, 3-5 aprile 2008 a"Familia et vita", n. 3/2007-1/2008 c2008 app. 3-133 afamiglia, rapporti-intergenerazionali, rapporti-nonni-nipoti, magistero, teologia aFamiglia adossier a Benedetto XVI, Vidal R.J., Lopez Trujllo A., Filoni F., Anderson C.A., Ravasi G., Campanini G., Wiyghan Tumi C., aAndreotti G., Nerozzi Frajese D., Anatrella T., Marchetto A., Pirola R. e M., Mayimbi Pitta N.